Catálogo

Vista normal Vista MARC

Entrada Personal Name

Número de registros utilizados en: 1

001 - CONTROL NUMBER

  • control field: 17982

003 - CONTROL NUMBER IDENTIFIER

  • control field: DLC

005 - DATE AND TIME OF LATEST TRANSACTION

  • control field: 20260327133714.0

008 - FIXED-LENGTH DATA ELEMENTS

  • fixed length control field: 120309n| azannaabn |n aaa

010 ## - LIBRARY OF CONGRESS CONTROL NUMBER

  • LC control number: no2012035164

035 ## - SYSTEM CONTROL NUMBER

  • System control number: (OCoLC)oca09139384

040 ## - CATALOGING SOURCE

  • Original cataloging agency: FMFIU
  • Language of cataloging: spa
  • Transcribing agency: Mx-PuUPA
  • Description conventions: rda
  • Modifying agency: OO
  • Modifying agency: Mx-PuUPA

100 1# - HEADING--PERSONAL NAME

  • Personal name: Pettinà, Vanni,

373 ## - ASSOCIATED GROUP

  • Associated group: Universidad de Florencia
  • Associated group: Universidad Complutense de Madrid
  • Associated group: Centro de Estudios Históricos de El Colegio de México

374 ## - OCCUPATION

  • Occupation: Autor
  • Occupation: Licenciado en Ciencias políticas
  • Occupation: Doctor en Historia Contemporánea
  • Occupation: Profesor

375 ## - GENDER

  • Gender: hombre

377 ## - ASSOCIATED LANGUAGE

  • Language code: spa

670 ## - SOURCE DATA FOUND

  • Source citation: Cuba y Estados Unidos, 1933-1959, c2011:
  • Information found: title page (Vanni Pettinà)

670 ## - SOURCE DATA FOUND

  • Source citation: Latin America and the global cold war, 2020:
  • Information found: title page (Vanni Pettinà) book jacket (Vanni Pettinà is associate professor of Latin American international history at El Colegio de México.)